Statistics for 223系顔が乗り入れる鉄道駅

Click here to take the quiz!

General Stats

  • This quiz has been taken 12 times
  • The average score is 348 of 468

Answer Stats

Answer% Correct
天王寺
100%
上郡
100%
近江八幡
100%
網干
100%
彦根
100%
米原
100%
相生
100%
長浜
100%
マキノ
100%
草津
100%
敦賀
100%
近江今津
100%
大津京
100%
播州赤穂
100%
和歌山
100%
亀岡
100%
野洲
100%
石山
100%
日根野
100%
三ノ宮
100%
加古川
100%
西明石
100%
明石
100%
須磨
100%
神戸
100%
元町
100%
六甲道
100%
大津
100%
姫路
100%
芦屋
100%
西宮
100%
尼崎
100%
新大阪
100%
高槻
100%
京都
100%
宝塚
100%
御坊
100%
堺市
100%
大阪城公園
100%
今宮
100%
新今宮
100%
弁天町
100%
西九条
100%
野田
100%
福島
100%
大阪
100%
天満
100%
桜ノ宮
100%
京橋
100%
森ノ宮
100%
城崎温泉
100%
福知山
100%
鶴橋
100%
100%
守山
91%
芦原橋
91%
英賀保
91%
栗東
91%
美章園
91%
能登川
91%
南草津
91%
瀬田
91%
はりま勝原
91%
膳所
91%
河瀬
91%
山科
91%
安土
91%
大正
91%
西大路
91%
舞子
91%
桃谷
91%
東加古川
91%
東姫路
91%
魚住
91%
大久保
91%
玉造
91%
垂水
91%
桂川
91%
兵庫
91%
茨木
91%
有年
91%
島本
91%
山崎
91%
長岡京
91%
向日町
91%
竜野
91%
宝殿
91%
三国ヶ丘
91%
花園
91%
西相生
91%
坂越
91%
豊岡
91%
梅小路京都西
91%
丹波口
91%
二条
91%
円町
91%
嵯峨嵐山
91%
比叡山坂本
91%
保津峡
91%
和田山
91%
綾部
91%
園部
91%
塚口
91%
三田
91%
篠山口
91%
曽根
91%
寺田町
91%
近江塩津
91%
高月
91%
永原
91%
西金沢
82%
岡山
82%
新三田
82%
道場
82%
西宮名塩
82%
高岡
82%
中山寺
82%
川西池田
82%
伊丹
82%
児島
82%
小松
82%
高松
82%
馬堀
82%
おごと温泉
82%
唐崎
82%
太秦
82%
近江中庄
82%
南今庄
82%
金沢
82%
武生
82%
近江高島
82%
北小松
82%
近江舞子
82%
蓬莱
82%
谷川
82%
貴生川
82%
甲南
82%
柘植
82%
堅田
82%
富山
82%
福井
82%
ひめじ別所
82%
長居
82%
直江津
82%
藤並
82%
百舌鳥
82%
六十谷
82%
浅香
82%
箕島
82%
和泉砂川
82%
和泉鳥取
82%
海南
82%
上月
82%
我孫子町
82%
湯浅
82%
東岸和田
82%
坂田
82%
住吉
82%
新疋田
82%
余呉
82%
木ノ本
82%
関西空港
82%
虎姫
82%
田村
82%
紀伊田辺
82%
南彦根
82%
りんくうタウン
82%
紀伊
82%
滑川
73%
鍼灸大学前
73%
熊取
73%
猪名寺
73%
長滝
73%
新家
73%
北伊丹
73%
山中渓
73%
東舞鶴
73%
和泉府中
73%
杉本町
73%
越前花堂
73%
芦原温泉
73%
鯖江
73%
今庄
73%
鶴ヶ丘
73%
加賀温泉
73%
坂出
73%
松任
73%
信太山
73%
茶屋町
73%
早島
73%
妹尾
73%
大元
73%
東金沢
73%
江原
73%
北信太
73%
魚津
73%
御着
73%
広川ビーチ
73%
播磨新宮
73%
73%
比良
73%
新旭
73%
寺庄
73%
糸魚川
73%
志賀
73%
甲賀
73%
佐用
73%
南部
73%
和邇
73%
紀三井寺
73%
宮前
73%
紀伊中ノ島
73%
油日
73%
並河
73%
篠原
73%
土山
73%
黒部
73%
西舞鶴
64%
吉富
64%
上野芝
64%
余部
64%
玄武洞
64%
森本
64%
八鹿
64%
津幡
64%
紀伊由良
64%
能美根上
64%
備前西市
64%
小野
64%
美川
64%
上夜久野
64%
大聖寺
64%
安曇川
64%
河毛
64%
牛ノ谷
64%
南条
64%
細呂木
64%
南田辺
64%
稲枝
64%
北鯖江
64%
倶利伽羅
64%
石動
64%
下夜久野
64%
甲西
64%
東貝塚
64%
南矢代
64%
古市
64%
藍本
64%
相野
64%
広野
64%
石部
64%
東富山
64%
丸岡
64%
本竜野
64%
生瀬
64%
冷水浦
64%
胡麻
64%
日吉
64%
千代川
64%
八木
64%
三雲
64%
柏原
64%
呉羽
64%
石原
64%
高岡やぶなみ
64%
小杉
64%
丹波竹田
64%
武田尾
64%
新富山口
64%
東滑川
55%
能生
55%
播磨高岡
55%
親不知
55%
越中宮崎
55%
えちご押上ひすい海岸
55%
上越妙高
55%
市振
55%
春日山
55%
越中大門
55%
東觜崎
55%
加賀笠間
55%
西高岡
55%
福岡
55%
筒石
55%
手原
55%
新井
55%
梅迫
55%
津久野
55%
富木
55%
東佐野
55%
黒江
55%
紀伊内原
55%
森田
55%
草野
55%
丹波大山
55%
石生
55%
黒井
55%
和知
55%
安栖里
55%
高津
55%
船岡
55%
鬼無
55%
大土呂
55%
木見
55%
上の町
55%
野々市
45%
和佐
45%
道成寺
45%
端岡
45%
紀伊宮原
45%
初島
45%
下津
45%
千本
45%
西栗栖
45%
三日月
45%
有間川
45%
湯尾
45%
谷浜
45%
真倉
45%
名立
45%
和泉橋本
45%
下松
45%
久米田
45%
王子保
45%
高田
45%
南高田
45%
北新井
45%
青海
45%
春江
45%
印南
45%
動橋
45%
市島
45%
切目
45%
下滝
45%
上川口
45%
梁瀬
45%
粟津
45%
芳養
45%
養父
45%
国府
45%
入善
45%
淵垣
45%
植松
45%
下山
45%
立木
36%
梶屋敷
36%
浦本
36%
山家
36%
明峰
36%
小舞子
36%
加茂郷
36%
太市
36%
生地
36%
西入善
36%
岩代
36%
稲原
36%
鴨川
27%
水橋
27%
国分
27%
播磨徳佐
18%

Score Distribution

Percentile by Number Answered

Percent of People with Each Score

Your Score History

You have not taken this quiz